Normal view
MARC view
- Weste, Neil H. E
Entry Personal Name
001 - CONTROL NUMBER
- control field: 25115
003 - CONTROL NUMBER IDENTIFIER
- control field: IN-BhIIT
005 - DATE AND TIME OF LATEST TRANSACTION
- control field: 20250103153637.0
008 - FIXED-LENGTH DATA ELEMENTS
- fixed length control field: 250103|| aca||aabn | a|a d
040 ## - CATALOGING SOURCE
- Original cataloging agency: IN-BhIIT
- Transcribing agency: IN-BhIIT
100 ## - HEADING--PERSONAL NAME
- Personal name: Weste, Neil H. E
670 ## - SOURCE DATA FOUND
- Source citation: Work cat.: (IN-BhIIT)14589: Weste, Neil H. E. Author, CMOS VLSI design :, c2011.